1er Gaou - Magic System - Statistiques

Statistiques générales
  • Ce quiz a été pris 39 fois
    37 depuis la dernière actualisation
  • Le résultat moyen est 389 sur 808
Statistiques - réponses
Réponse % Correct
?"
100%
ce
93%
A
89%
a
89%
à
89%
À
89%
gaou
89%
gaou,
89%
qui
89%
est
86%
premier
86%
C'est
82%
c'est
82%
oh
82%
oh,
82%
oh"
82%
"Oh
82%
la
79%
ma
79%
m'a
79%
n'est
79%
de
75%
pas
75%
que
71%
dans
68%
deuxième
68%
go
68%
antou
64%
Antou
64%
galère
64%
dit
61%
nan
61%
nan,
61%
Nan
61%
On
61%
on
61%
quitté,
61%
(Ah,
57%
(Ah)
57%
niata,
57%
Et
50%
et
50%
"Le
50%
le
50%
soir
50%
soir,
50%
un
50%
Matin,
46%
matin
46%
midi,
46%
peu,
43%
ensemble,
39%
me
39%
Quand
39%
rue
39%
ça
36%
Ça
36%
j'avais
36%
Au
32%
elle
32%
Elle
32%
je
32%
Je
32%
Princesse,
32%
te
32%
ai
29%
était
29%
maquis,
29%
"Poulet
29%
poulet,
29%
Poulet
29%
pour
29%
wan)
29%
wan
29%
changé
25%
chante
25%
guin
25%
guin,
25%
moi,
25%
moi
25%
tu
25%
Tu
25%
copain,
21%
côté,
21%
Dieu
21%
merci
21%
mille
21%
braisé,
18%
eh,
18%
eh
18%
les
18%
radio
18%
savais
18%
va
18%
y
18%
A'salfo
14%
Aux
14%
ban
14%
cassette,
14%
fini,
14%
J'ai
14%
j'ai
14%
L'argent
14%
manger,
14%
télé,
14%
veux,
14%
veux
14%
voit
14%
Wari
14%
caïman
11%
chanter
11%
Dimanche
11%
fait
11%
maison,
11%
percé,
11%
petit,
11%
peut
11%
Si
11%
suis
11%
trop
11%
vas
11%
vois,
11%
aloco
7%
Attends,
7%
"Chéri,
7%
coco,
7%
couper,
7%
d'éléphant,
7%
fâchée,
7%
frappe
7%
gâté,
7%
grande
7%
lui
7%
même
7%
partir
7%
payait
7%
plus
7%
porte,
7%
poulets,
7%
rassasier,
7%
s'en
7%
s'est
7%
surprise,
7%
tout
7%
veut
7%
voyagé,
7%
vu
7%
Ais
4%
avec
4%
bananes,
4%
cadeau
4%
"Chérie
4%
donné
4%
donner,
4%
fourchette,
4%
Kedjenou
4%
longtemps
4%
mentir,
4%
nan-nan
4%
pardon
4%
population
4%
qu'on
4%
retour,
4%
revu,
4%
s'embrasse,
4%
t'appartiens,
4%
vais
4%
accepté,
0%
bien
0%
compliqué,
0%
demandé
0%
griller,
0%
hésiter,
0%
koko
0%
lieu
0%
moment
0%
piquer,
0%
plantation
0%
Prends-moi
0%
Qu'est-ce
0%
quittée
0%
râteau
0%
Sans
0%
tuer,
0%
Aucun quiz correspondant
Distribution des résultats
% des personnes avec chaque résultat
Percentile par nombre de réponses
Votre historique - résultats
Vous n’avez pas pris ce quiz depuis la dernière actualisation